100 Most Common Dutch Words - Statistics

General Stats
  • This quiz has been taken 10 times
  • The average score is 36 of 100
Answer Stats
Rank Word % Correct
9 ik
100%
72 daar
83%
16 dat
83%
4 een
83%
5 het
83%
13 niet
83%
99 twee
83%
71 al
67%
20 als
67%
1 de
67%
12 die
67%
3 en
67%
37 gaan
67%
10 hebben
67%
24 je
67%
68 mij
67%
87 na
67%
36 wat
67%
49 we
67%
52 wel
67%
17 worden
67%
46 zij
67%
6 zijn
67%
42 zo
67%
64 doen
50%
35 door
50%
21 er
50%
11 hij
50%
54 hun
50%
7 in
50%
26 kunnen
50%
45 mijn
50%
82 nu
50%
31 of
50%
27 om
50%
100 omdat
50%
95 onder
50%
30 ook
50%
15 op
50%
2 van
50%
59 veel
50%
19 voor
50%
18 ze
50%
22 aan
33%
41 dan
33%
53 dit
33%
61 goed
33%
80 hoe
33%
23 maar
33%
56 maken
33%
65 me
33%
14 met
33%
29 naar
33%
57 ons
33%
44 over
33%
60 staan
33%
67 u
33%
70 weten
33%
90 wij
33%
40 zeggen
33%
51 zien
33%
25 zullen
33%
75 denken
17%
47 deze
17%
55 geen
17%
83 groot
17%
28 haar
17%
89 hier
17%
39 komen
17%
43 moeten
17%
34 nog
17%
8 te
17%
48 tot
17%
58 uit
17%
84 vinden
17%
73 weer
17%
62 willen
17%
94 zitten
17%
63 ander
0%
32 bij
0%
81 blijven
0%
79 geven
0%
97 hand
0%
38 hem
0%
91 houden
0%
88 jaar
0%
85 kijken
0%
93 krijgen
0%
98 lang
0%
69 laten
0%
86 man
0%
50 meer
0%
66 men
0%
76 mens
0%
96 nemen
0%
74 tegen
0%
92 tijd
0%
77 toch
0%
78 toen
0%
33 zich
0%
No matching quizzes found
Score Distribution
Percent of People with Each Score
Percentile by Number Answered
Your Score History
You have not taken this quiz